000 00628cab a2200217 4500
001 ABS44343
008 090401t1991 xxu||||| |||| 00| 0 eng d
035 _a(Sirsi) u46679
041 _aeng
110 _aStoy Hayward
_91646
245 _aSelf-supplies of building land
260 _c1991
350 _a0
490 _aProperty Finance
_v3 (2) February 1991, 19-20
520 _aThis two-part article looks at VAT regulations on self-supply on building land for developers .
650 _aOPEN MARKET VALUE
650 _aVALUE ADDED TAX ACT 1983 SCHED 6A
690 _aTAXATION
942 _n0
948 _c04/03/1997
999 _c29513
_d29513